000
00226nam a2200097Ia 4500
008
190216s9999||||xx |||||||||||||| ||und||
100
_a
Abdussalam A J
245
0
_a
Sangethika Varapp
260
_b
Kerala Basha Inst
942
_c
BK
999
_c
38729
_d
38729